<?xml version="1.0" encoding="UTF-8"?>
<record
    xmlns:xsi="http://www.w3.org/2001/XMLSchema-instance"
    xsi:schemaLocation="http://www.loc.gov/MARC21/slim http://www.loc.gov/standards/marcxml/schema/MARC21slim.xsd"
    xmlns="http://www.loc.gov/MARC21/slim">

  <leader>00430nam a22001457a 4500</leader>
  <controlfield tag="003">OSt</controlfield>
  <controlfield tag="005">20150906115424.0</controlfield>
  <controlfield tag="008">150906b        xxu||||| |||| 00| 0 eng d</controlfield>
  <datafield tag="040" ind1=" " ind2=" ">
    <subfield code="c">RUA</subfield>
  </datafield>
  <datafield tag="082" ind1=" " ind2=" ">
    <subfield code="a">AGR &#x1783;&#x17B9;&#x1798; 1991 B004 Or.1</subfield>
  </datafield>
  <datafield tag="245" ind1=" " ind2=" ">
    <subfield code="a">&#x1787;&#x1798;&#x17D2;&#x1784;&#x17BA;&#x1793;&#x17B7;&#x1784;&#x179C;&#x17B7;&#x1792;&#x17B6;&#x1793;&#x1780;&#x17B6;&#x179A;&#x1780;&#x17B6;&#x179A;&#x200B; &#x1796;&#x17B6;&#x179A;&#x179B;&#x17BE;&#x178A;&#x17C6;&#x178E;&#x17B6;&#x17C6;&#x1780;&#x17C5;&#x179F;&#x17CA;&#x17BC;</subfield>
  </datafield>
  <datafield tag="260" ind1=" " ind2=" ">
    <subfield code="a">Phnom Penh</subfield>
    <subfield code="b">RUA</subfield>
    <subfield code="c">1991</subfield>
  </datafield>
  <datafield tag="300" ind1=" " ind2=" ">
    <subfield code="a">61</subfield>
    <subfield code="b">ill.</subfield>
    <subfield code="c">29cm.</subfield>
  </datafield>
  <datafield tag="942" ind1=" " ind2=" ">
    <subfield code="2">ddc</subfield>
    <subfield code="c">AGR</subfield>
  </datafield>
  <datafield tag="999" ind1=" " ind2=" ">
    <subfield code="c">93</subfield>
    <subfield code="d">93</subfield>
  </datafield>
  <datafield tag="952" ind1=" " ind2=" ">
    <subfield code="0">0</subfield>
    <subfield code="1">0</subfield>
    <subfield code="2">ddc</subfield>
    <subfield code="4">0</subfield>
    <subfield code="6">AGR_&#x1783;&#x17B9;&#x1798;_1991_000000000000000_B004_OR_1</subfield>
    <subfield code="7">0</subfield>
    <subfield code="9">266</subfield>
    <subfield code="a">LBB</subfield>
    <subfield code="b">LBB</subfield>
    <subfield code="d">2015-09-06</subfield>
    <subfield code="o">AGR &#x1783;&#x17B9;&#x1798; 1991 B004 Or.1</subfield>
    <subfield code="p">RUA005430</subfield>
    <subfield code="r">2015-09-06</subfield>
    <subfield code="w">2015-09-06</subfield>
    <subfield code="y">AGR</subfield>
  </datafield>
  <datafield tag="952" ind1=" " ind2=" ">
    <subfield code="0">0</subfield>
    <subfield code="1">0</subfield>
    <subfield code="2">ddc</subfield>
    <subfield code="4">0</subfield>
    <subfield code="6">AGR_&#x1783;&#x17B9;&#x1798;_1991_000000000000000_B004_OR_2</subfield>
    <subfield code="7">0</subfield>
    <subfield code="9">267</subfield>
    <subfield code="a">LBB</subfield>
    <subfield code="b">LBB</subfield>
    <subfield code="c">B004</subfield>
    <subfield code="d">2015-09-06</subfield>
    <subfield code="o">AGR &#x1783;&#x17B9;&#x1798; 1991 B004 Or.2</subfield>
    <subfield code="p">RUA005850</subfield>
    <subfield code="r">2015-09-06</subfield>
    <subfield code="w">2015-09-06</subfield>
    <subfield code="y">AGR</subfield>
  </datafield>
  <datafield tag="952" ind1=" " ind2=" ">
    <subfield code="0">0</subfield>
    <subfield code="1">0</subfield>
    <subfield code="2">ddc</subfield>
    <subfield code="4">0</subfield>
    <subfield code="6">AGR_&#x1783;&#x17B9;&#x1798;_1991_000000000000000_B004_OR_3</subfield>
    <subfield code="7">0</subfield>
    <subfield code="9">7560</subfield>
    <subfield code="a">LBB</subfield>
    <subfield code="b">LBB</subfield>
    <subfield code="d">2015-10-03</subfield>
    <subfield code="o">AGR &#x1783;&#x17B9;&#x1798; 1991 B004 Or.3</subfield>
    <subfield code="p">RUA008361</subfield>
    <subfield code="r">2015-10-03</subfield>
    <subfield code="w">2015-10-03</subfield>
    <subfield code="y">AGR</subfield>
  </datafield>
</record>
